00539nam a2200157Ia 4500003000900000008004100009040001600050080001700066100002900083245010600112260006400218300001400282650004100296650002200337650002200359IN-BaIIA211028s9999 xx 000 0 eng d cIIA Library a524.3-4bFRA aFrank-Kamenetskii, D. A. 0aPhysical processes in stellar interiorscD. A. Frank-Kamenetskii  aJerusalembIsrael Program for Scientific Translationsc1962 axi, 337p. aAstronomy and astrophysics thesaurus aStellar structure aSteller interiors